| 000 | 00695nam a2200241 a 4500 | ||
|---|---|---|---|
| 005 | 20210219153445.0 | ||
| 008 | 991125n 000 0 u | ||
| 035 | _aUPN01000101025 | ||
| 100 | _aDhooper, Surjit Singh | ||
| 222 |
_aCHILD ABUSE AND NEGLECT : _bTHE INTERNATIONAL JOURNAL |
||
| 245 | _aA statewide study of the public attitudes toward child abuse | ||
| 300 | _a37-44 | ||
| 362 | _a15, No. 1-2, 1991 | ||
| 505 | _aOctubre 1991 | ||
| 653 | 0 | _aACTITUDES SOCIALES | |
| 653 | 0 | _aNINO MALTRATADO | |
| 653 | 0 | _aNIVEL DE CONOCIMIENTOS | |
| 653 | 0 | _aRESPONSABILIDAD SOCIAL | |
| 700 | _aRoyse, David D. | ||
| 700 | _aWolfe, L. C. | ||
| 904 |
_aAC _b038836 |
||
| 905 | _aArticulo | ||
| 999 |
_c77383 _d77383 |
||